000 00613nam a2200205Ia 4500
003 IN-BaIIA
008 211028s9999 xx 000 0 eng d
020 _a0-7923-7172-0
040 _cIIA Library
080 _a52(082.1)
_bASS-266
245 0 _aOrganizations and strategies in astronomy
_bvol. 2
_cedited by Andre Heck
260 _aDordrecht
_bKluwer Academic
_c2001
300 _aix, 280p.
490 _aAstrophysics and space science library; v. 266
650 _aAstronomy: Scientometrics
_925925
650 _aCosmology
650 _aSpace science
700 _aHeck, Andre., ed.
_917833
942 _cBK
999 _c14575
_d14575